00997nam a2200265 i 450000100060000000300090000600500170001500700030003200800410003508000220007610000440009824500950014226000540023730000220029149000190031350500920033270000340042474000200045874000300047874000310050883000270053985200220056699900170058895201260060550210ES-MaACL20250522063044.0t|030801s1959 sp ||||1| spa d a821.134.2-223"17"1 aCruz, Ramón de la, d1731-179494180610aSainetes / cRamón de la Cruz ; selección, prólogo y notas de Emiliano M. Aguilaera. aBarcelona : bIberia, c1959 (fGráf. Diamante) a224 p. ; c19 cm.1 aObras maestras8 aContiene: ; tLa Plaza Mayor ; tLa Pradera de San Isidro ; tLa casa de Tócame-Roque1 aAguilaera, Emiliano M.9186783 aLa Plaza Mayor.3 aLa Pradera de San Isidro.3 aLa casa de Tócame-Roque.0 aObras maestras9181001 aES-MaACLjC-16684 c50210d50210 00104070aATENEOMbATENEOMcGaleríad2008-01-17eSCl0oC-16684p1052817r2023-02-23 00:00:00w2023-02-23yMONOGRAFIA